Introduction to Google Analytics : A Guide for Absolute Beginners /

Develop your digital/online marketing skills and learn web analytics to understand the performance of websites and ad campaigns. Approaches covered will be immediately useful for business or nonprofit organizations. If you are completely new to Google Analytics and you want to learn the basics, this...

Full description

Bibliographic Details
Main Author: Kelsey, Todd (Author)
Corporate Author: Safari, an O'Reilly Media Company
Format: eBook
Language:English
Published: Apress, 2017.
Edition:1st edition.
Subjects:
Online Access:Connect to this electronic resource

MARC

Tag First Indicator Second Indicator Subfields
LEADER 00000uam a2200000 a 4500
001 in00004250607
005 20260128182247.9
006 m o d
007 cr cn
008 240617s2017 xx o eng
020 |z 9781484228296 
020 |z 9781484228289 
035 |a (CaSebORM)9781484228296 
040 |d UtOrBLW 
041 0 |a eng 
100 1 |a Kelsey, Todd,  |e author.  |0 http://id.loc.gov/authorities/names/n2002010669 
245 1 0 |a Introduction to Google Analytics :  |b A Guide for Absolute Beginners /  |c Kelsey, Todd. 
250 |a 1st edition. 
264 1 |b Apress,  |c 2017. 
300 |a 1 online resource (160 pages) 
336 |a text  |b txt  |2 rdacontent 
337 |a computer  |b c  |2 rdamedia 
338 |a online resource  |b cr  |2 rdacarrier 
347 |a text file 
520 |a Develop your digital/online marketing skills and learn web analytics to understand the performance of websites and ad campaigns. Approaches covered will be immediately useful for business or nonprofit organizations. If you are completely new to Google Analytics and you want to learn the basics, this guide will introduce you to the content quickly. Web analytics is critical to online marketers as they seek to track return on investment and optimize their websites. Introduction to Google Analytics covers the basics of Google Analytics, starting with creating a blog, and monitoring the number of people who see the blog posts and where they come from. What You'll Learn Understand basic techniques to generate traffic for a blog or website Review the performance of a website or campaign Set up a Shopify account to track ROI Create and maximize AdWords to track conversion Discover opportunities offered by Google, including the Google Individual Qualification Who This Book Is For Those who need to get up to speed on Google Analytics tools and techniques for business or personal use. This book is also suitable as a student reference. 
533 |a Electronic reproduction.  |b Boston, MA :  |c Safari,  |n Available via World Wide Web.  |d 2017. 
538 |a Mode of access: World Wide Web. 
542 |f Copyright © 2017 by Todd Kelsey  |g 2017 
588 |a Online resource; Title from title page (viewed June 19, 2017) 
500 |a Electronic resource. 
655 7 |a Electronic books.  |2 local 
710 2 |a Safari, an O'Reilly Media Company. 
856 4 0 |u https://proxy.library.tamu.edu/login?url=https://go.oreilly.com/TAMU/library/view/-/9781484228296/?ar  |z Connect to this electronic resource  |t 0 
999 f f |s 19e35345-e2b9-3a29-8a11-911d89c2f1f7  |i a2a50890-a761-3b21-b883-5adc98b006c8  |t 0 
952 f f |a Texas A&M University  |b College Station  |c Electronic Resources  |s www_evans  |d Available Online  |t 0  |h No information provided 
998 f f |t 0  |l Available Online